000 00448nam a2200193Ia 4500
005 20240823043920.0
008 240823s9999||||xx |||||||||||||| ||und||
020 _a81-219-1021-8
041 _aENGLISH
082 _A368 P9
100 _aMishra M N
245 0 _aInsurance
250 _a1st
260 _c1999
_bS chand New D
_aNew Delhi
500 _aTRANSFERED
650 _aInsurance
_bManagement Studies
942 _cBK
999 _c211339
_d211339